Thời báo kinh tế Sài Gòn
Gardado en:
| Formato: | Seriadas |
|---|---|
| Idioma: | Vietnamese |
| Các nhãn: |
Engadir etiqueta
Sen Etiquetas, Sexa o primeiro en etiquetar este rexistro!
|
| Thư viện lưu trữ: | Trung tâm Học liệu Lê Vũ Hùng, Trường Đại học Đồng Tháp |
|---|
| LEADER | 00339nas a22001098a 4500 | ||
|---|---|---|---|
| 001 | 00042586 | ||
| 005 | 20181004141046.0 | ||
| 008 | 181004s########-vm#################vie|d | ||
| 245 | # | # | |a Thời báo kinh tế Sài Gòn |
| 910 | # | # | |b ndquang |d 04/10/2018 |
| 980 | # | # | |a Trung tâm Học liệu Lê Vũ Hùng, Trường Đại học Đồng Tháp |